|
|
|
|
| LEADER |
00000nas a2200000 a 4500 |
| 001 |
ssj0001055411 |
| 003 |
WaSeSS |
| 005 |
20200512172242.0 |
| 006 |
m d |
| 007 |
cr n |
| 008 |
750901c19299999gw fr p s 0 b0ger c |
| 010 |
|
|
|a 91643787
|z sn 84044038
|
| 016 |
7 |
|
|a 000272677
|2 IsJJNL
|
| 016 |
7 |
|
|a 012429698
|2 Uk
|
| 022 |
|
|
|l 0044-3700
|y 0044-3700
|
| 035 |
|
|
|a (WaSeSS)ssj0001055411
|
| 040 |
|
|
|a MUL
|b eng
|c MUL
|d COO
|d AIP
|d IUL
|d AIP
|d FUG
|d NST
|d DLC
|d NST
|d DLC
|d SYS
|d OCLCQ
|d NLGGC
|d LVB
|d OCLCQ
|d J9U
|d UKMGB
|d CUS
|d OCLCF
|d CUS
|d OCLCO
|d OCLCA
|d OCLCQ
|d HUELT
|d OCLCQ
|d WaSeSS
|
| 042 |
|
|
|a pcc
|
| 043 |
|
|
|a e-gx---
|
| 050 |
0 |
0 |
|a GR1
|b .Z4
|
| 210 |
0 |
|
|a Z. Volkskd.
|
| 222 |
|
0 |
|a Zeitschrift für Volkskunde
|
| 245 |
0 |
0 |
|a Zeitschrift für Volkskunde
|h [electronic resource] /
|c im Auftrage des Verbandes Deutscher Vereine für Volkskunde.
|
| 260 |
|
|
|a Berlin :
|b Walter de Gruyter,
|c 1929-
|
| 310 |
|
|
|a Semiannual,
|b <1958>-
|
| 321 |
|
|
|a Frequency varies,
|b 1929-<1954>
|
| 362 |
0 |
|
|a N.F., Bd. 1, Heft 1-n.F., Bd. 11, Heft 4 (1940) = 39. Jahrg., Heft 1-49. Jahrg., Heft 4 ; 50. Jahrg. (1953)-
|
| 500 |
|
|
|a Title from cover.
|
| 500 |
|
|
|a Imprint varies.
|
| 506 |
|
|
|a License restrictions may limit access.
|
| 515 |
|
|
|a Publication suspended: 1941-1952.
|
| 550 |
|
|
|a Issued by: Verband der Vereine für Volkskunde, 1953-1963; by: Deutsche Gesellschaft für Volkskunde, 1964-<1994>
|
| 588 |
|
|
|a Latest issue consulted: 90. Jahrg., 2. Halbjahresbd. (1994).
|
| 650 |
|
0 |
|a Folklore
|v Periodicals.
|
| 650 |
|
0 |
|a Folklore
|v Bibliography
|v Periodicals.
|
| 650 |
|
0 |
|a Folklore
|z Germany
|v Periodicals.
|
| 650 |
|
6 |
|a Folklore
|v Périodiques.
|
| 650 |
|
6 |
|a Folklore
|v Bibliographie
|v Périodiques.
|
| 650 |
|
6 |
|a Folklore
|z Allemagne
|v Périodiques.
|
| 650 |
|
7 |
|a Folklore.
|2 fast
|0 (OCoLC)fst00930306
|
| 650 |
1 |
7 |
|a Volkskunde.
|2 gtt
|
| 651 |
|
7 |
|a Germany.
|2 fast
|0 (OCoLC)fst01210272
|
| 655 |
|
0 |
|a Electronic journals.
|
| 710 |
2 |
|
|a Verband Deutscher Vereine für Volkskunde.
|
| 710 |
2 |
|
|a Verband der Vereine für Volkskunde.
|
| 710 |
2 |
|
|a Deutsche Gesellschaft für Volkskunde.
|
| 776 |
1 |
|
|t Zeitschrift für Volkskunde
|w (DLC)sn 84044020
|w (OCoLC)11209830
|
| 780 |
0 |
0 |
|t Zeitschrift des Vereins für Volksunde
|w (DLC)sn 84044034
|w (OCoLC)1714572
|
| 850 |
|
|
|a DLC
|a FU
|a InU
|a NN
|a PU
|a UPB
|
| 853 |
0 |
3 |
|8 1
|a Jahrg.
|b n.F.:Bd.
|i (year)
|
| 856 |
4 |
0 |
|z Full text available from Research Library: 07/01/2011 to present
|u https://search.proquest.com/publication/1066344
|
| 863 |
4 |
0 |
|8 1
|a <39>-
|i <1929>-
|x provisional
|